| 000 | 00454nam a2200205Ia 4500 | ||
|---|---|---|---|
| 008 | 210210b1913 xxu||||| |||| 00| 0 eng d | ||
| 041 | _aeng | ||
| 082 | _a828/665 | ||
| 100 | _aWARD (Wilfrid) | ||
| 245 | _aLife of Newman Vol I | ||
| 260 |
_aLondon _bLongmans Green and Company Limited _c1913 |
||
| 440 | _aI | ||
| 650 | _aVol | ||
| 650 | _aof | ||
| 650 | _aNewman | ||
| 650 | _aLife | ||
| 650 | _aI | ||
| 690 | _aBiography | ||
| 906 | _a016510 | ||
| 999 |
_c136063 _d136063 |
||